Samudra manthan : (Record no. 91285)
[ view plain ]
| 000 -LEADER | |
|---|---|
| fixed length control field | 01070nam a22002177a 4500 |
| 010 ## - LCCN (DPL NO) | |
| LC control number | ENG-112115 |
| 020 ## - INTERNATIONAL STANDARD BOOK NUMBER | |
| International Standard Book Number | 9780198092339 |
| Terms of availability | 895.00 |
| 020 ## - INTERNATIONAL STANDARD BOOK NUMBER | |
| International Standard Book Number | 0198092334 |
| Terms of availability | 895.00 |
| 035 ## - SYSTEM CONTROL NUMBER | |
| System control number | EN-95647 |
| 037 ## - SOURCE OF ACQUISITION | |
| Source of stock number/acquisition | DBAD/PUB |
| 082 ## - DEWEY DECIMAL CLASSIFICATION NUMBER | |
| Classification number | 359.03091823 |
| 100 ## - MAIN ENTRY--PERSONAL NAME | |
| Personal name | Raja Mohan, C. |
| 245 ## - TITLE STATEMENT | |
| Title | Samudra manthan : |
| Statement of responsibility, etc | by C.Raja Mohan |
| Remainder of title | Sino-Indian rivalry in the Indo-Pacific / |
| 260 ## - PUBLICATION, DISTRIBUTION, ETC. (IMPRINT) | |
| Place of publication, distribution, etc | New Delhi |
| Name of publisher, distributor, etc | Oxford University Press |
| Date of publication, distribution, etc | 2013 |
| 270 ## - ADDRESS | |
| Address | YMCA Library Building, 1, Jai Singh Road, |
| City | New Delhi |
| Postal code | 110001 |
| 300 ## - PHYSICAL DESCRIPTION | |
| Extent | xii,329p.: |
| Dimensions | 24cm(Hb) |
| Other physical details | map |
| 500 ## - GENERAL NOTE | |
| General note | Includes bibliographical references and index. |
| 505 ## - FORMATTED CONTENTS NOTE | |
| Formatted contents note | Introduction -- The structure of the rivalry -- In search of sea power -- Tacking to the blue waters -- Maritime nuclear power -- India’s Pacific ambitions -- China eyes the Indian Ocean -- Circling the strategic islands -- Contesting the littoral -- Mitigating the security dilemma -- Ordering the Indo-Pacific -- Samudra manthan. |
| 650 ## - SUBJECT ADDED ENTRY--TOPICAL TERM | |
| Topical term or geographic name as entry element | Strategic rivalries (World politics) |
| 942 ## - ADDED ENTRY ELEMENTS (KOHA) | |
| Source of classification or shelving scheme | Dewey Decimal Classification |
| Item type | English Books |
| Call number suffix | RAJ |
| Classification part | 359.03091823 |
| Withdrawn status | Lost status | Not for loan | Collection code | Home library | Current library | Date acquired | Source of acquisition | Cost, normal purchase price | Full call number | Barcode | Copy number | Cost, replacement price | Koha item type |
|---|---|---|---|---|---|---|---|---|---|---|---|---|---|
| Not For Loan | Non-fiction | D.B.Act.Division | D.B.Act.Division | 06/02/2015 | DBAD/PUB | 895.00 | 359.03091823 RAJ | EN-95647 | 1 | 895.00 | English Books |
